[Event "Graticolato op-B U1700 8th"]
[Site "Santa Maria di Sala"]
[Date "2000.11.19"]
[Round "2.4"]
[White "Gomez De Ayala, Paolo"]
[Black "Gesmundo, Andrea"]
[Result "1-0"]
[WhiteElo "1650"]
[BlackElo "1500"]
[PlyCount "77"]
[EventDate "2000.11.18"]
[EventType "swiss"]
[EventRounds "6"]
[EventCountry "ITA"]
[SourceTitle "EXT 2023"]
[Source "ChessBase"]
[SourceDate "2022.10.05"]
[SourceVersion "1"]
[SourceVersionDate "2022.10.05"]
[SourceQuality "1"]

1. d4 d5 2. c4 e6 3. Nc3 Nf6 4. Bg5 Be7 5. e3 h6 6. Bh4 b6 7. cxd5 Nxd5 8. Bxe7 Qxe7 9. Rc1 Bb7 10. Bb5+ Nd7 11. Qg4 0-0 12. Nge2 N7f6 13. Qh4 Rac8 14. 0-0 Qb4 15. Rc2 c5 16. a3 Qa5 17. dxc5 Rxc5 18. b4 Qxb5 19. Nxb5 Rxc2 20. Ned4 Rc4 21. Nd6 Rc7 22. e4 Ne7 23. f3 Rd8 24. e5 Ne8 25. Nxb7 Rxb7 26. b5 Rbd7 27. Nc6 Nxc6 28. bxc6 Rd5 29. Qe7 Rc8 30. f4 Rc5 31. f5 R5xc6 32. fxe6 Rxe6 33. Qxf7+ Kh8 34. Qxe6 Rd8 35. Rf8+ Kh7 36. Qf5+ g6 37. Qf7+ Ng7 38. Rxd8 a5 39. Rg8 1-0

[Event "Graticolato op-B U1700 8th"]
[Site "Santa Maria di Sala"]
[Date "2000.11.18"]
[Round "1.6"]
[White "Gesmundo, Andrea"]
[Black "Trimboli, Carlo"]
[Result "1-0"]
[WhiteElo "1500"]
[BlackElo "1500"]
[PlyCount "65"]
[EventDate "2000.11.18"]
[EventType "swiss"]
[EventRounds "6"]
[EventCountry "ITA"]
[SourceTitle "EXT 2023"]
[Source "ChessBase"]
[SourceDate "2022.10.05"]
[SourceVersion "1"]
[SourceVersionDate "2022.10.05"]
[SourceQuality "1"]

1. e4 e5 2. Nf3 Nc6 3. Bb5 Nge7 4. 0-0 a6 5. Ba4 d6 6. d4 exd4 7. Nxd4 Bd7 8. Nc3 Nxd4 9. Qxd4 Bxa4 10. Qxa4+ Nc6 11. Qb3 Rb8 12. Bf4 Be7 13. Nd5 0-0 14. Rad1 Qc8 15. Qg3 Re8 16. Bh6 g6 17. Qf4 f5 18. exf5 Qxf5 19. Qxf5 gxf5 20. Nxc7 Rec8 21. Nd5 Kf7 22. Nxe7 Kxe7 23. Rfe1+ Kd7 24. Bf4 Ra8 25. Bxd6 Rg8 26. Bf4+ Kc8 27. f3 b5 28. Rd2 Kb7 29. Rd7+ Kb6 30. Re6 Rac8 31. b4 Rxg2+ 32. Kxg2 Rg8+ 33. Kf2 1-0